| 000 | 01368cab a2200217 4500 | ||
|---|---|---|---|
| 001 | ABS44554 | ||
| 008 | 090401t1991 xxu||||| |||| 00| 0 eng d | ||
| 035 | _a(Sirsi) u47773 | ||
| 041 | _aeng | ||
| 245 | _aArnold and others v National Westminster Bank plc | ||
| 260 | _c1991 | ||
| 350 | _a0 | ||
| 490 |
_aWeekly Law Reports _v(1991) 2 WLR 1177-1191(15) |
||
| 520 | _aHL 25 April 1991. A rent review dispute, which went initially to arbitration where the decision favoured the plaintiff tenants (A). This was subsequently overruled by Justice Walter, who refused leave to appeal. Before the following rent review was due, five years later, litigation in another case established that Justice Walter`s decision had been erroneous and A again went to law. The landlords unsuccessfully applied to strike out the renewed claim, declaring that further litigation was prevented by issue estoppel , and their appeal was dismissed also. The dismissal was reinforced by the House of Lords which maintained that flexibility in special circumstances was needed to uphold justice, whereas adherence to an earlier but incorrect decision would unjustly perpetuate unfavourable conditions. | ||
| 650 | _aCONSTRUCTION OF CLAUSE | ||
| 650 | _aLAW CASES | ||
| 650 | _aRENT REVIEWS | ||
| 690 | _aLANDLORD AND TENANT-CASE LAW-RENT REVIEWS | ||
| 942 | _n0 | ||
| 948 | _c04/03/1997 | ||
| 999 |
_c30091 _d30091 |
||